Language Quiz

Random Language Quiz

Từ vựng bài 31 phần 2 Việt - Nhật Quiz Stats

 Plays Quiz not verified by Sporcle

Support Sporcle.
Go Orange.
Score 0/22 Timer 10:00
0 Plays Today
Hint Answer % Correct
suốt liềnずっと
100%
pikasoピカソ
100%
công viên uenoうえのこうえん
100%
một thángつきに
100%
internetインターネット
100%
làngむら
100%
rạp chiếu phimえいがかん
100%
chán ghétいやな
100%
bầu trờiそら
100%
thành phốとかい
100%
trẻ emこどもたち
100%
Hint Answer % Correct
tự doじゆうに
100%
tự nhiênしぜん
100%
tuyệt vờiすばらしさ
100%
phía hướngのほう
85.7%
ở lạiのこります
85.7%
thông thườngふつうの
71.4%
khắp thế giớiせかいじゅう
71.4%
tập trungあつまります
71.4%
đóng nhắmとじます
57.1%
đẹpうつくしい
57.1%
nhận raきがつきます
57.1%

You're not logged in!

Compare scores with friends on all Sporcle quizzes.
OR
Log In

From the Vault

Fire and Ice

by kpisaruk

You might run hot and cold on this quiz.
Remove Ads.
Support Sporcle.
Get the best of Sporcle when you Go Orange. This ad-free experience offers more features, more stats, and more fun while also helping to support Sporcle. Thank you for becoming a member.

Show Comments

Extras

Created Feb 23, 2020ReportNominate

Top Quizzes Today


Score Distribution

Your Account Isn't Verified!

In order to create a playlist on Sporcle, you need to verify the email address you used during registration. Go to your Sporcle Settings to finish the process.

Report this User

Report this user for behavior that violates our Community Guidelines.

Details: